[Event "XXXVI Bosnia GMB"]
[Site "Sarajevo BIH"]
[Date "2006.05.07"]
[Round "1"]
[White "Saric,Ib"]
[Black "Drasko,M"]
[Result "1/2-1/2"]
[WhiteElo "2476"]
[BlackElo "2504"]
[EventDate "2006.05.07"]

1. d4 e6 2. Nf3 Nf6 3. Bg5 c5 4. e3 Be7 5. Nbd2 b6 6. c3 Bb7 7. Bd3 Nc6 8.
O-O O-O 9. Ne5 Nd5 10. Bxe7 Qxe7 11. Be4 Nf6 12. Nxc6 Bxc6 13. Bxc6 dxc6
14. Qa4 Rfc8 15. Nb3 cxd4 16. cxd4 e5 17. Rac1 exd4 18. exd4 Qd6 1/2-1/2

[Event "XXXVI Bosnia GMB"]
[Site "Sarajevo BIH"]
[Date "2006.05.07"]
[Round "1"]
[White "Kurajica,B"]
[Black "Jankovic,A"]
[Result "1/2-1/2"]
[WhiteElo "2548"]
[BlackElo "2516"]
[EventDate "2006.05.07"]

1. d4 Nf6 2. Nf3 g6 3. b4 Bg7 4. e3 b6 5. Bb2 O-O 6. Be2 d5 7. O-O Nbd7 8.
c4 dxc4 9. Bxc4 Bb7 10. Nbd2 c5 11. dxc5 bxc5 12. b5 Nb6 13. Be2 Rc8 14.
Rc1 Qd5 15. Nc4 Qxd1 16. Rfxd1 Na4 17. Ba1 Nd5 18. Nfe5 Ndb6 19. Na5 Bxe5
20. Bxe5 Bd5 21. f3 f6 22. Bg3 Bxa2 23. Rd2 Be6 24. Nc6 Kf7 25. Nxa7 Ra8
26. Nc6 Rfc8 27. e4 Bd7 28. e5 Bxc6 29. bxc6 Rxc6 30. Bb5 Rcc8 31. exf6
exf6 32. Rd6 Ra5 33. Bf1 c4 34. Bf2 Rb5 35. Bd4 f5 36. Rf6+ Kg8 37. Re6 Kf7
38. Rce1 Nd5 39. Ra6 Nab6 40. Ra7+ Rc7 41. Bxb6 Rxb6 42. Rxc7+ Nxc7 43.
Bxc4+ Kf6 44. Rd1 Rc6 45. Bb3 h5 46. f4 Rc3 47. Rd6+ Ke7 48. Rb6 Kf8
1/2-1/2

[Event "XXXVI Bosnia GMB"]
[Site "Sarajevo BIH"]
[Date "2006.05.07"]
[Round "1"]
[White "Jovanic,O"]
[Black "Mihalcisin,A"]
[Result "0-1"]
[WhiteElo "2473"]
[BlackElo "2534"]
[EventDate "2006.05.07"]

1. d4 d5 2. c4 dxc4 3. e3 e6 4. Bxc4 a6 5. Nf3 c5 6. O-O Nf6 7. Bd3 Nbd7 8.
Re1 Be7 9. e4 cxd4 10. e5 Nd5 11. Nxd4 Qc7 12. Qh5 g6 13. Qe2 O-O 14. Bh6
Rd8 15. Nf3 Nb4 16. Bc4 b5 17. Bb3 Bb7 18. Nc3 Nc5 19. Red1 Bxf3 20. gxf3
Nc6 21. Be3 Qxe5 22. Bxc5 Bxc5 23. Qxe5 Nxe5 24. Kg2 Nd3 25. Ne4 Bf8 26. a4
Nxb2 27. Rxd8 Rxd8 28. axb5 axb5 29. Ra7 Nd3 30. Ng5 Nf4+ 31. Kg3 Ne2+ 32.
Kg2 Nf4+ 33. Kg3 Ne2+ 34. Kg2 Nd4 35. Nxf7 Re8 36. Ba2 Re7 37. Rxe7 Bxe7
38. Ne5 b4 39. Nc4 b3 40. Bb1 Kf7 41. f4 Bd8 42. Kg3 Bc7 43. Bd3 h6 44. h4
Nf5+ 45. Kf3 Nxh4+ 46. Ke4 Ng2 47. Nd2 Nxf4 48. Nxb3 Nxd3 49. Kxd3 h5 50.
Nd2 Kf6 51. Ke4 g5 52. f3 h4 53. Kd3 h3 54. Ne4+ Kf5 55. Ke2 h2 56. Nf2 Kf4
0-1

[Event "XXXVI Bosnia GMB"]
[Site "Sarajevo BIH"]
[Date "2006.05.07"]
[Round "1"]
[White "Dizdarevic,E"]
[Black "Milanovic,Da"]
[Result "1/2-1/2"]
[WhiteElo "2492"]
[BlackElo "2513"]
[EventDate "2006.05.07"]

1. Nf3 Nf6 2. d4 c5 3. dxc5 e6 4. Be3 Na6 5. Bd4 Nxc5 6. e3 b6 7. c4 Bb7 8.
Be2 Be7 9. O-O O-O 10. Nc3 d6 11. Nd2 Ncd7 12. e4 a6 13. Re1 Qc7 14. Bf1
Rac8 15. Rc1 Qb8 16. a3 Bd8 17. g3 Qa8 18. f3 h5 19. Qe2 Bc7 20. Qf2 Qb8
21. b4 Rfd8 22. Nb3 d5 23. exd5 exd5 24. c5 bxc5 25. Nxc5 Nxc5 26. bxc5 Be5
27. Ne2 Nd7 28. Bh3 Bc6 29. Rb1 Qc7 30. Rec1 Rb8 31. Rxb8 Nxb8 32. Bxe5
Qxe5 33. Nd4 Ba4 34. c6 Qc7 35. Bf1 Bxc6 36. Nxc6 Nxc6 37. Bxa6 Rd6 38. Bb5
Qb7 1/2-1/2

[Event "XXXVI Bosnia GMB"]
[Site "Sarajevo BIH"]
[Date "2006.05.08"]
[Round "2"]
[White "Drasko,M"]
[Black "Milanovic,Da"]
[Result "1/2-1/2"]
[WhiteElo "2504"]
[BlackElo "2513"]
[EventDate "2006.05.07"]

1. Nf3 Nf6 2. c4 c5 3. g3 d5 4. Bg2 Nc6 5. O-O e5 6. Qa4 Bd6 7. Ng5 O-O 8.
cxd5 Nd4 9. Nc3 h6 10. Nf3 b5 11. Qd1 Nxf3+ 12. Bxf3 Bh3 13. Re1 b4 14. Ne4
Nxe4 15. Bxe4 f5 16. Bg2 Bxg2 17. Kxg2 Qf6 18. d3 f4 19. Rf1 Qf7 20. Qb3
Rae8 21. e4 fxg3 22. hxg3 Qf3+ 23. Kg1 c4 24. dxc4 Qxe4 25. Be3 Rf3 26.
Rac1 Qg4 27. c5 Rxg3+ 28. fxg3 Qxg3+ 29. Kh1 Qh3+ 30. Kg1 1/2-1/2

[Event "XXXVI Bosnia GMB"]
[Site "Sarajevo BIH"]
[Date "2006.05.08"]
[Round "2"]
[White "Mihalcisin,A"]
[Black "Dizdarevic,E"]
[Result "1/2-1/2"]
[WhiteElo "2534"]
[BlackElo "2492"]
[EventDate "2006.05.07"]

1. e4 c6 2. d4 d5 3. Nd2 dxe4 4. Nxe4 Bf5 5. Ng3 Bg6 6. h4 h6 7. Nf3 Nd7 8.
h5 Bh7 9. Bd3 Bxd3 10. Qxd3 e6 11. Bf4 Qa5+ 12. Bd2 Qc7 13. O-O-O Ngf6 14.
Qe2 O-O-O 15. Ne5 Nxe5 16. dxe5 1/2-1/2

[Event "XXXVI Bosnia GMB"]
[Site "Sarajevo BIH"]
[Date "2006.05.08"]
[Round "2"]
[White "Jankovic,A"]
[Black "Arapovic,V"]
[Result "1-0"]
[WhiteElo "2516"]
[BlackElo "2411"]
[EventDate "2006.05.07"]

1. d4 c5 2. d5 e5 3. e4 d6 4. Bb5+ Nd7 5. a4 Ngf6 6. Nc3 Be7 7. Nf3 O-O 8.
O-O Ne8 9. a5 a6 10. Be2 Kh8 11. Nd2 g6 12. Nc4 f5 13. f4 exf4 14. Bxf4 g5
15. Bd2 f4 16. g3 fxg3 17. hxg3 Bf6 18. Kg2 Qe7 19. Bg4 Ng7 20. Qe2 Ne5 21.
Nxe5 Qxe5 22. Bxc8 Raxc8 23. Rf2 Qe7 24. Raf1 h6 25. Rh1 Kh7 26. e5 Bxe5
27. Qe4+ Kg8 28. Rxf8+ Qxf8 29. Rxh6 Qf5 30. g4 Qxe4+ 31. Nxe4 Bxb2 32.
Nxd6 Rf8 33. c3 Rd8 34. Kf3 Ne8 35. Nxe8 Rxe8 36. Rb6 Rf8+ 37. Ke2 Re8+ 38.
Kd1 Ba3 39. Rb3 1-0

[Event "XXXVI Bosnia GMB"]
[Site "Sarajevo BIH"]
[Date "2006.05.09"]
[Round "3"]
[White "Kurajica,B"]
[Black "Drasko,M"]
[Result "1/2-1/2"]
[WhiteElo "2548"]
[BlackElo "2504"]
[EventDate "2006.05.07"]

1. d4 e6 2. Nf3 Nf6 3. g3 d5 4. Bg2 b5 5. Nc3 b4 6. Na4 Nbd7 7. Ne5 Nxe5 8.
dxe5 Nd7 9. e4 c6 10. O-O Ba6 11. Re1 Bb5 12. b3 Bxa4 13. bxa4 Qb6 14. exd5
cxd5 15. a3 Bc5 16. Be3 Rc8 17. axb4 Bxe3 18. Rxe3 Qxb4 1/2-1/2

[Event "XXXVI Bosnia GMB"]
[Site "Sarajevo BIH"]
[Date "2006.05.09"]
[Round "3"]
[White "Jovanic,O"]
[Black "Jankovic,A"]
[Result "1/2-1/2"]
[WhiteElo "2473"]
[BlackElo "2516"]
[EventDate "2006.05.07"]

1. d4 e6 2. c4 f5 3. g3 Nf6 4. Bg2 Be7 5. Nc3 O-O 6. Nh3 d6 7. Nf4 c6 8.
Nd3 Nbd7 9. d5 cxd5 10. cxd5 e5 11. Bd2 Ne8 12. e4 g6 13. O-O Ndf6 14. Qb3
Nxe4 15. Nxe4 fxe4 16. Bxe4 Bh3 17. Bg2 Bf5 18. Rad1 Bf6 19. Be3 Qe7 20.
Nc5 Rf7 21. Ne6 Ng7 22. Nxg7 Kxg7 23. Qb4 a6 24. Rfe1 Rc8 25. h3 h5 26. Kh2
Qf8 27. Rc1 Rfc7 28. Rxc7+ Rxc7 29. Rc1 Qc8 30. Rxc7+ Qxc7 31. Bb6 Qd7 32.
Qc4 Bd8 33. Be3 Qc7 1/2-1/2

[Event "XXXVI Bosnia GMB"]
[Site "Sarajevo BIH"]
[Date "2006.05.09"]
[Round "3"]
[White "Dizdarevic,E"]
[Black "Stojanovski,D"]
[Result "1/2-1/2"]
[WhiteElo "2492"]
[BlackElo "2384"]
[EventDate "2006.05.07"]

1. d4 Nf6 2. Nf3 e6 3. e3 c5 4. Bd3 cxd4 5. exd4 b6 6. O-O Bb7 7. Bg5 Be7
8. Nbd2 O-O 9. a4 a6 10. Re1 d6 11. Nf1 Nbd7 12. Ng3 Re8 13. c3 Qc7 14. Qe2
Bf8 15. Ne4 Nxe4 16. Bxe4 h6 17. Bf4 Bxe4 18. Qxe4 Nf6 19. Qd3 Rec8 20. Nd2
1/2-1/2

[Event "XXXVI Bosnia GMB"]
[Site "Sarajevo BIH"]
[Date "2006.05.09"]
[Round "3"]
[White "Milanovic,Da"]
[Black "Mihalcisin,A"]
[Result "1/2-1/2"]
[WhiteElo "2513"]
[BlackElo "2534"]
[EventDate "2006.05.07"]

1. d4 Nf6 2. c4 g6 3. Nc3 d5 4. Bf4 Bg7 5. e3 c6 6. Nf3 O-O 7. Rc1 Bg4 8.
h3 Bxf3 9. Qxf3 Qa5 10. Bd3 Nbd7 11. O-O dxc4 12. Bxc4 e5 1/2-1/2

[Event "XXXVI Bosnia GMB"]
[Site "Sarajevo BIH"]
[Date "2006.05.10"]
[Round "4"]
[White "Drasko,M"]
[Black "Mihalcisin,A"]
[Result "1/2-1/2"]
[WhiteElo "2504"]
[BlackElo "2534"]
[EventDate "2006.05.07"]

1. d4 d5 2. c4 dxc4 3. Nf3 Nf6 4. e3 e6 5. Bxc4 c5 6. O-O a6 7. b3 Nc6 8.
Bb2 cxd4 9. Nxd4 Bd7 10. Nd2 Be7 11. Be2 O-O 12. Nc4 Rc8 13. Bf3 b5 14.
Nxc6 Bxc6 15. Ne5 Qxd1 16. Rfxd1 Bxf3 17. Nxf3 Rc2 18. Rd2 1/2-1/2

[Event "XXXVI Bosnia GMB"]
[Site "Sarajevo BIH"]
[Date "2006.05.10"]
[Round "4"]
[White "Kurajica,B"]
[Black "Arapovic,V"]
[Result "1-0"]
[WhiteElo "2548"]
[BlackElo "2411"]
[EventDate "2006.05.07"]

1. Nf3 Nf6 2. d4 g6 3. g3 Bg7 4. Bg2 d6 5. O-O O-O 6. c4 Nbd7 7. Nc3 e5 8.
b3 Re8 9. h3 c6 10. e4 exd4 11. Nxd4 Nc5 12. Re1 a5 13. Bf4 h6 14. Qc2 Nfd7
15. Rad1 Ne5 16. Be3 Qb6 17. f4 Ned7 18. Bf2 a4 19. bxa4 Qa5 20. Re2 Nxa4
21. Nxa4 Qxa4 22. Nb3 Bf8 23. Bd4 Qb4 24. Rb1 Qa4 25. Ba1 Bg7 26. Bxg7 Kxg7
27. Qc3+ Kg8 28. Kh2 Nc5 29. Nxc5 dxc5 30. Rf2 Qa5 31. Qe3 Be6 32. Rxb7 Qa6
33. Rbb2 Qxc4 34. Rbc2 Qd4 35. Qc1 c4 36. f5 gxf5 37. exf5 Bd5 38. Qxh6 Qg7
39. Qh4 Re1 40. f6 Qh7 41. Qg5+ Qg6 42. Rf5 Rae8 43. Bxd5 R8e2+ 44. Rxe2
Rxe2+ 45. Bg2 1-0

[Event "XXXVI Bosnia GMB"]
[Site "Sarajevo BIH"]
[Date "2006.05.11"]
[Round "5"]
[White "Arapovic,V"]
[Black "Drasko,M"]
[Result "1/2-1/2"]
[WhiteElo "2411"]
[BlackElo "2504"]
[EventDate "2006.05.07"]

1. e4 e6 2. d4 d5 3. Nc3 Bb4 4. exd5 exd5 5. Bd3 c6 6. Qf3 Qf6 7. Qxf6 Nxf6
8. Nge2 O-O 9. O-O Re8 10. a3 Bd6 11. Bf4 Bxf4 12. Nxf4 Nbd7 13. Rfe1 Rxe1+
14. Rxe1 1/2-1/2

[Event "XXXVI Bosnia GMB"]
[Site "Sarajevo BIH"]
[Date "2006.05.11"]
[Round "5"]
[White "Dizdarevic,E"]
[Black "Saric,Ib"]
[Result "1/2-1/2"]
[WhiteElo "2492"]
[BlackElo "2476"]
[EventDate "2006.05.07"]

1. Nf3 d5 2. d4 Nf6 3. c4 c6 4. e3 e6 5. Nbd2 c5 6. cxd5 exd5 7. Bb5+ Bd7
8. Bxd7+ Nbxd7 9. O-O Bd6 10. dxc5 Nxc5 11. Qe2 O-O 12. b3 Nfe4 13. Bb2 Qe7
14. Rfd1 Rfd8 15. Nf1 Rac8 16. Rac1 Qe6 17. Rc2 Na6 18. Rxc8 Rxc8 19. Bd4
Bb8 20. Qb2 f6 21. N3d2 Nb4 1/2-1/2

[Event "XXXVI Bosnia GMB"]
[Site "Sarajevo BIH"]
[Date "2006.05.11"]
[Round "5"]
[White "Mihalcisin,A"]
[Black "Stojanovski,D"]
[Result "1/2-1/2"]
[WhiteElo "2534"]
[BlackElo "2384"]
[EventDate "2006.05.07"]

1. Nf3 Nf6 2. c4 c5 3. Nc3 g6 4. d4 cxd4 5. Nxd4 Nc6 6. g3 Bg7 7. Bg2 O-O
8. O-O Nxd4 9. Qxd4 d6 10. Qd3 a6 11. Be3 Ng4 12. Bd4 Ne5 13. Qd1 Rb8 14.
Ba7 Ra8 15. Bd4 Rb8 16. b3 Be6 17. Rc1 b5 18. c5 dxc5 19. Bxc5 Nd7 20. Bd4
1/2-1/2

[Event "XXXVI Bosnia GMB"]
[Site "Sarajevo BIH"]
[Date "2006.05.11"]
[Round "5"]
[White "Jovanic,O"]
[Black "Kurajica,B"]
[Result "1/2-1/2"]
[WhiteElo "2473"]
[BlackElo "2548"]
[EventDate "2006.05.07"]

1. d4 Nf6 2. c4 e6 3. Nf3 Bb4+ 4. Nbd2 d5 5. Qa4+ Nc6 6. a3 Bxd2+ 7. Bxd2
Ne4 8. Rd1 O-O 9. e3 Nd6 10. Qc2 Nxc4 11. Bxc4 dxc4 12. Qxc4 Qd5 13. Rc1
Rd8 14. h3 Bd7 15. O-O Be8 16. Qe2 f6 17. Rc5 Qb3 18. Bc3 Rd5 19. Rxd5 exd5
20. Nh4 Bd7 21. Rc1 a5 22. Nf3 Nd8 23. Nd2 Qb5 24. Qf3 Be6 25. Nf1 Qd7 26.
Ng3 Nf7 27. Nh5 Ng5 28. Qg3 Ne4 29. Qh2 c6 30. Be1 a4 31. Bb4 Bf7 32. Nf4
Re8 33. Nd3 b6 34. h4 Bg6 35. Nf4 c5 36. Bc3 Bf5 37. dxc5 bxc5 38. Rd1 d4
39. exd4 Nxc3 40. bxc3 Bc2 41. Rc1 cxd4 42. cxd4 Qxd4 43. Qg3 Qb2 44. Rf1
Bb3 45. Nh5 g6 46. Nf4 Kf7 47. Qd3 Qxa3 48. h5 f5 49. hxg6+ hxg6 50. Qa6
Be6 51. Re1 Qc3 52. Re3 Qc4 53. Qd6 g5 54. Nxe6 Rxe6 55. Qd7+ Kf6 56. Qd8+
Kf7 57. Qd7+ Kf6 1/2-1/2

[Event "XXXVI Bosnia GMB"]
[Site "Sarajevo BIH"]
[Date "2006.05.13"]
[Round "6"]
[White "Drasko,M"]
[Black "Stojanovski,D"]
[Result "1/2-1/2"]
[WhiteElo "2504"]
[BlackElo "2384"]
[EventDate "2006.05.07"]

1. Nf3 Nf6 2. g3 b5 3. Bg2 Bb7 4. O-O e6 5. d4 d5 6. Qd3 a6 7. Bg5 Nbd7 8.
Ne5 Be7 9. f4 c5 10. c3 O-O 11. Nd2 Nxe5 12. fxe5 Nd7 13. Bxe7 1/2-1/2

[Event "XXXVI Bosnia GMB"]
[Site "Sarajevo BIH"]
[Date "2006.05.13"]
[Round "6"]
[White "Jankovic,A"]
[Black "Mihalcisin,A"]
[Result "1/2-1/2"]
[WhiteElo "2516"]
[BlackElo "2534"]
[EventDate "2006.05.07"]

1. d4 Nf6 2. Nf3 e6 3. e3 c5 4. Bd3 b6 5. c4 Bb7 6. Nc3 Be7 7. e4 cxd4 8.
Nxd4 d6 9. O-O Nc6 10. Be3 O-O 11. f3 Rc8 12. Rc1 Ne5 13. b3 Nxd3 14. Qxd3
a6 15. Rfd1 1/2-1/2

[Event "XXXVI Bosnia GMB"]
[Site "Sarajevo BIH"]
[Date "2006.05.13"]
[Round "6"]
[White "Kurajica,B"]
[Black "Dizdarevic,E"]
[Result "1/2-1/2"]
[WhiteElo "2548"]
[BlackElo "2492"]
[EventDate "2006.05.07"]

1. e4 e5 2. Nf3 Nf6 3. Nxe5 d6 4. Nf3 Nxe4 5. Qe2 Qe7 6. d3 Nf6 7. Bg5 Nbd7
8. Nbd2 h6 9. Bh4 Qxe2+ 10. Bxe2 Be7 11. O-O O-O 12. d4 Re8 13. c3 Nf8 14.
Bd3 Ng6 15. Bg3 Bd7 16. Rfe1 Nh5 1/2-1/2

[Event "XXXVI Bosnia GMB"]
[Site "Sarajevo BIH"]
[Date "2006.05.13"]
[Round "6"]
[White "Arapovic,V"]
[Black "Jovanic,O"]
[Result "1-0"]
[WhiteElo "2411"]
[BlackElo "2473"]
[EventDate "2006.05.07"]

1. e4 c5 2. Nc3 Nc6 3. g3 g6 4. Bg2 Bg7 5. d3 d6 6. Be3 Qa5 7. Nge2 Nd4 8.
O-O e6 9. Bd2 Qb6 10. Rb1 Ne7 11. b4 O-O 12. bxc5 Nxe2+ 13. Nxe2 Qxc5 14.
c4 Qc7 15. Bc3 Bd7 16. Bxg7 Kxg7 17. Qd2 e5 18. f4 f6 19. h4 b6 20. Rf2
Rae8 21. Nc3 Qd8 22. Rbf1 Qc8 23. Kh2 Be6 24. Nd5 Nxd5 25. cxd5 Bd7 26. Rc1
Qb8 27. d4 Rc8 28. Rxc8 Rxc8 29. fxe5 dxe5 30. Qb4 Re8 31. Rc2 a5 32. Qb2
exd4 33. Qxd4 Qd6 34. Rb2 Rb8 35. Bh3 Bxh3 36. Kxh3 Rb7 37. a4 h5 38. Kg2
Kh7 39. Rc2 b5 40. Rc6 Qe5 41. Qxe5 fxe5 42. d6 Kh6 43. Rc7 Rb8 44. d7 Rd8
45. axb5 a4 46. b6 a3 47. Ra7 a2 48. b7 Kg7 49. Rxa2 1-0

[Event "XXXVI Bosnia GMB"]
[Site "Sarajevo BIH"]
[Date "2006.05.14"]
[Round "7"]
[White "Jovanic,O"]
[Black "Drasko,M"]
[Result "0-1"]
[WhiteElo "2473"]
[BlackElo "2504"]
[EventDate "2006.05.07"]

1. d4 e6 2. c4 Nf6 3. Nf3 Bb4+ 4. Nbd2 d6 5. g3 Nc6 6. Bg2 a5 7. a3 Bxd2+
8. Bxd2 O-O 9. O-O e5 10. d5 Nb8 11. b3 h6 12. Bc3 c6 13. Nd2 cxd5 14. cxd5
b6 15. Rc1 Ba6 16. Bb2 Nbd7 17. Nc4 Nc5 18. Re1 Rc8 19. Bh3 Rc7 20. Bf1 Rc8
21. e3 Ra8 22. Ba1 Bb7 23. b4 axb4 24. axb4 Na6 25. e4 Ne8 26. Bc3 f5 27.
f3 fxe4 28. fxe4 Bc8 29. Ra1 Bd7 30. Bd3 b5 31. Ne3 Qb6 32. Qd2 Nf6 33. Kg2
Nc7 34. Rxa8 Rxa8 35. Ra1 Rxa1 36. Bxa1 Be8 37. Nd1 Qa6 38. Bc3 Na8 39. Qb2
Bg6 40. Nf2 Nb6 41. Kf3 Qc8 42. Bd2 Nbxd5 43. Qc2 Qxc2 44. Bxc2 Nc7 45. Be3
Kf8 46. Bb6 Ncd5 47. Ba5 Nc3 48. Bc7 Ke7 49. Bd3 Kd7 50. Bb8 Kc6 51. Ke3
Na2 52. Nd1 Nxb4 53. Nc3 Nxd3 54. Kxd3 b4 55. Na2 Nxe4 56. Nxb4+ Kb7 0-1

[Event "XXXVI Bosnia GMB"]
[Site "Sarajevo BIH"]
[Date "2006.05.14"]
[Round "7"]
[White "Dizdarevic,E"]
[Black "Arapovic,V"]
[Result "1/2-1/2"]
[WhiteElo "2492"]
[BlackElo "2411"]
[EventDate "2006.05.07"]

1. d4 g6 2. c4 Bg7 3. Nc3 d6 4. e4 Nc6 5. Be3 e5 6. d5 Nce7 7. c5 f5 8.
cxd6 cxd6 9. Qa4+ Kf8 10. Nf3 Nf6 11. Ng5 Ng4 12. Bc1 Qb6 13. Qc2 a6 14.
Bd3 Nf6 15. Be3 Qc7 16. Qb3 fxe4 17. Bb6 Qb8 18. Ngxe4 Bf5 19. O-O Bxe4 20.
Bxe4 Bh6 21. g3 Kg7 22. f4 exf4 23. Bd4 1/2-1/2

[Event "XXXVI Bosnia GMB"]
[Site "Sarajevo BIH"]
[Date "2006.05.14"]
[Round "7"]
[White "Mihalcisin,A"]
[Black "Saric,Ib"]
[Result "1-0"]
[WhiteElo "2534"]
[BlackElo "2476"]
[EventDate "2006.05.07"]

1. Nf3 c5 2. c4 Nc6 3. d4 cxd4 4. Nxd4 Nf6 5. Nc3 g6 6. g3 Bg7 7. Bg2 O-O
8. O-O Nxd4 9. Qxd4 d6 10. Qd3 Rb8 11. c5 dxc5 12. Qxd8 Rxd8 13. Bf4 Ra8
14. Rfd1 Rf8 15. Rac1 a5 16. Na4 Nd7 17. b3 Ra7 18. Nxc5 Nxc5 19. Rxc5 a4
20. Rb5 axb3 21. axb3 Ra2 22. Bf3 Rb2 23. Kg2 e5 24. Be3 Be6 25. b4 f5 26.
Bd5 Bxd5+ 27. Rdxd5 f4 28. Bc5 Rb8 29. Rd7 fxg3 30. hxg3 Rxe2 31. Rbxb7
Rxb7 32. Rxb7 e4 33. b5 Rc2 34. Be3 Rc8 35. b6 Re8 36. Rd7 Be5 37. Bf4 1-0

[Event "XXXVI Bosnia GMB"]
[Site "Sarajevo BIH"]
[Date "2006.05.15"]
[Round "8"]
[White "Drasko,M"]
[Black "Jankovic,A"]
[Result "1/2-1/2"]
[WhiteElo "2504"]
[BlackElo "2516"]
[EventDate "2006.05.07"]

1. d4 Nf6 2. c4 g6 3. Nf3 Bg7 4. g3 d5 5. Bg2 dxc4 6. Na3 c3 7. bxc3 O-O 8.
O-O c5 9. e3 Nc6 10. Bb2 Bf5 11. Nd2 cxd4 12. cxd4 Be6 13. Qe2 Rc8 14. Rfd1
Qb6 15. Ndc4 Qa6 16. Bf1 Rfd8 17. f3 1/2-1/2

[Event "XXXVI Bosnia GMB"]
[Site "Sarajevo BIH"]
[Date "2006.05.15"]
[Round "8"]
[White "Saric,Ib"]
[Black "Stojanovski,D"]
[Result "1/2-1/2"]
[WhiteElo "2476"]
[BlackElo "2384"]
[EventDate "2006.05.07"]

1. e4 c5 2. Nf3 Nc6 3. d4 cxd4 4. Nxd4 g6 5. c4 Nf6 6. Nc3 d6 7. Be2 Nxd4
8. Qxd4 Bg7 9. Be3 O-O 10. Qd2 Be6 11. f3 Qa5 12. Rc1 Rfc8 13. b3 a6 14.
Nd5 Qxd2+ 15. Kxd2 Nxd5 16. cxd5 Bd7 17. Rxc8+ Rxc8 18. Rc1 Rxc1 1/2-1/2

[Event "XXXVI Bosnia GMB"]
[Site "Sarajevo BIH"]
[Date "2006.05.15"]
[Round "8"]
[White "Arapovic,V"]
[Black "Milanovic,Da"]
[Result "1/2-1/2"]
[WhiteElo "2411"]
[BlackElo "2513"]
[EventDate "2006.05.07"]

1. e4 c5 2. Nf3 Nc6 3. Bb5 e6 4. O-O Nge7 5. Re1 Nd4 6. Nxd4 cxd4 7. d3 a6
8. Bc4 Nc6 9. f4 Bc5 10. Nd2 O-O 1/2-1/2

[Event "XXXVI Bosnia GMB"]
[Site "Sarajevo BIH"]
[Date "2006.05.15"]
[Round "8"]
[White "Jovanic,O"]
[Black "Dizdarevic,E"]
[Result "1/2-1/2"]
[WhiteElo "2473"]
[BlackElo "2492"]
[EventDate "2006.05.07"]

1. d4 d5 2. c4 dxc4 3. e3 e6 4. Bxc4 Nf6 5. Nf3 c5 6. O-O a6 7. dxc5 Qxd1
8. Rxd1 Bxc5 9. Be2 Nbd7 10. Nbd2 b6 11. Nb3 Be7 12. Nfd4 Bb7 13. f3 O-O
14. e4 Rfd8 15. Be3 Rac8 16. a3 Ne5 17. Rac1 h6 18. h3 g5 19. Kf2 Kg7 20.
Rxc8 Rxc8 21. Rc1 Rxc1 22. Nxc1 Nfd7 23. Ncb3 h5 24. Nd2 h4 25. Nc4 Kg6 26.
Nxe5+ Nxe5 27. Nb3 Bd8 28. Nd2 Bc7 29. Nc4 Nxc4 30. Bxc4 b5 31. Bd3 Be5 32.
b3 Bc6 33. Bb6 1/2-1/2

[Event "XXXVI Bosnia GMB"]
[Site "Sarajevo BIH"]
[Date "2006.05.16"]
[Round "9"]
[White "Dizdarevic,E"]
[Black "Drasko,M"]
[Result "1/2-1/2"]
[WhiteElo "2492"]
[BlackElo "2504"]
[EventDate "2006.05.07"]

1. Nf3 d5 2. e3 Nf6 3. c4 e6 4. b3 a5 5. Nc3 Be7 6. d4 b6 7. Bd3 Bb7 8. O-O
O-O 9. Bb2 Nbd7 10. Rc1 Rc8 11. cxd5 exd5 12. Qe2 Re8 13. Ba6 Bxa6 14. Qxa6
c6 15. Qd3 Bd6 1/2-1/2

[Event "XXXVI Bosnia GMB"]
[Site "Sarajevo BIH"]
[Date "2006.05.16"]
[Round "9"]
[White "Milanovic,Da"]
[Black "Jovanic,O"]
[Result "1-0"]
[WhiteElo "2513"]
[BlackElo "2473"]
[EventDate "2006.05.07"]

1. d4 d5 2. c4 c6 3. Nf3 Nf6 4. Nc3 dxc4 5. a4 Bf5 6. Nh4 Bg4 7. h3 Bh5 8.
g4 Bg6 9. Nxg6 hxg6 10. e3 e6 11. Bxc4 Nbd7 12. Qf3 Nd5 13. Bd2 a5 14. e4
Nb4 15. O-O-O Be7 16. Kb1 Qc7 17. Bf4 Bd6 18. Bxd6 Qxd6 19. e5 Qe7 20. Ne4
Nb6 21. Nd6+ Kf8 22. Bb3 N6d5 23. h4 Rd8 24. Ne4 b5 25. g5 bxa4 26. Bc4 Nb6
27. Be2 Ke8 28. Qc3 N6d5 29. Qc1 Qa7 30. Rh3 Ne7 31. Nd6+ Kf8 32. Bg4 Nf5
33. Bxf5 gxf5 34. g6 fxg6 35. Qg5 Qe7 36. Qxg6 Rh6 37. Qg3 Kg8 38. h5 Rf8
39. Rg1 f4 40. Qf3 Kh8 41. Qe4 Nd5 42. Rg6 Rg8 43. Qc2 a3 44. bxa3 Rf8 45.
Rb3 Qh4 46. Nf7+ Rxf7 47. Rb8+ Kh7 48. Rxh6+ Kxh6 49. Qg6+ 1-0

[Event "XXXVI Bosnia GMB"]
[Site "Sarajevo BIH"]
[Date "2006.05.16"]
[Round "9"]
[White "Mihalcisin,A"]
[Black "Arapovic,V"]
[Result "1/2-1/2"]
[WhiteElo "2534"]
[BlackElo "2411"]
[EventDate "2006.05.07"]

1. d4 g6 2. e4 Bg7 3. c3 d6 4. f4 Nf6 5. e5 dxe5 6. fxe5 Nd5 7. Nf3 O-O 8.
Bc4 Bg4 9. O-O e6 10. Qb3 Nb6 11. Bg5 Qe8 12. Bb5 Nc6 13. Nbd2 h6 14. Be3
a6 15. Be2 1/2-1/2

[Event "XXXVI Bosnia GMB"]
[Site "Sarajevo BIH"]
[Date "2006.05.16"]
[Round "9"]
[White "Stojanovski,D"]
[Black "Kurajica,B"]
[Result "1/2-1/2"]
[WhiteElo "2384"]
[BlackElo "2548"]
[EventDate "2006.05.07"]

1. e4 c5 2. Nf3 a6 3. Nc3 e6 4. d4 b5 5. d5 Bb7 6. d6 f6 7. e5 Bxf3 8. gxf3
fxe5 9. f4 Nc6 10. Bg2 b4 11. Na4 Qf6 12. Bxc6 dxc6 13. Qf3 Rd8 14. Qxc6+
Kf7 15. Qb7+ Ke8 16. Qc6+ Kf7 17. Qb7+ Ke8 18. Qc6+ 1/2-1/2

[Event "XXXVI Bosnia GMB"]
[Site "Sarajevo BIH"]
[Date "2006.05.16"]
[Round "9"]
[White "Jankovic,A"]
[Black "Saric,Ib"]
[Result "1-0"]
[WhiteElo "2516"]
[BlackElo "2476"]
[EventDate "2006.05.07"]

1. d4 Nf6 2. Nf3 e6 3. c4 c5 4. d5 b5 5. Bg5 exd5 6. cxd5 d6 7. e3 a6 8. a4
b4 9. Bc4 Be7 10. Nbd2 O-O 11. e4 Bg4 12. Qc2 Bxf3 13. gxf3 Nh5 14. Be3 Bg5
15. Nf1 Nd7 16. Ng3 Nf4 17. h4 Ng2+ 18. Ke2 b3 19. Bxb3 Bf6 20. Rab1 Ne5
21. f4 Ng6 22. Nh5 Re8 23. Rh2 Nxe3 24. fxe3 Rb8 25. Bc4 Nxh4 26. Bxa6 Rb4
27. Bc4 g6 28. Nxf6+ Qxf6 29. b3 Qe7 30. Rbh1 Nf5 31. exf5 Qxe3+ 32. Kd1
Re4 33. Rf1 Qd4+ 34. Rd2 Qa1+ 35. Qc1 Qf6 36. fxg6 fxg6 37. Rd3 h5 38. Qc3
Qf5 39. Rg3 Rd4+ 40. Ke2 h4 41. Rgf3 Qg4 42. Qe3 Kf8 43. Qe6 Qxe6+ 44. dxe6
d5 45. Bb5 Ke7 46. Bd7 1-0